| 000 | 00519nam a2200169Ia 4500 | ||
|---|---|---|---|
| 003 | SGT | ||
| 020 | _a9788131806005 | ||
| 082 |
_a5.13 _bSHA |
||
| 100 | _aSharma,Anand | ||
| 245 | _aTheory of automata and formal languages | ||
| 250 | _a2nd Ed. | ||
| 260 |
_bUniversity Science Press _aN. Delhi _c2009 |
||
| 300 | _a522p. | ||
| 650 | _aCOMPUTER SCIENCE | ||
| 653 | _aINTRODUCTION,INTRODUCTION TO FINITE AUTOMATA,INTRODUCTION OF REGULAR EXPRESSION,INTRO,PUSH-DOWN-AUTOMATA,TURING-MACHINE,FUNCTIONS | ||
| 942 |
_2ddc _cBK _08 |
||
| 999 |
_c4977 _d4977 |
||